[Event "Titled Tue 27th May Early"]
[Site "chess.com INT"]
[Date "2025.05.27"]
[Round "2"]
[White "Samunenkov, Ihor"]
[Black "Naranjo Moreno, Antonio"]
[Result "1/2-1/2"]
[WhiteTitle "GM"]
[BlackTitle "FM"]
[WhiteElo "2572"]
[BlackElo "2289"]
[WhiteFideId "14187086"]
[BlackFideId "2278626"]
[EventDate "2025.05.27"]

1. e4 e5 2. Nf3 Nc6 3. Bb5 a6 4. Ba4 Nf6 5. O-O Nxe4 6. d4 b5 7. Bb3 d5 8. dxe5
Be6 9. Qe2 Be7 10. Rd1 O-O 11. c4 bxc4 12. Bxc4 Bc5 13. Be3 Bxe3 14. Qxe3 Qb8
15. Bb3 Na5 16. Nbd2 Qa7 17. Nxe4 Qxe3 18. fxe3 Nxb3 19. axb3 dxe4 20. Nd4 c5
21. Nxe6 fxe6 22. Rd6 Rab8 23. Ra3 Rfd8 24. Raxa6 Rxd6 25. exd6 Kf7 26. Ra7+ Kf6
27. d7 Ke7 28. d8=Q+ Kxd8 29. Rxg7 Rxb3 30. Kf2 Rxb2+ 31. Kg3 c4 32. Rg4 Rb5 33.
Kf2 c3 34. Ke2 Rc5 35. Kd1 Rd5+ 36. Kc2 Ke7 37. Kxc3 Rd3+ 38. Kc2 Rxe3 39. Rg7+
Kf6 40. Rxh7 Re2+ 41. Kd1 Rxg2 42. Rh5 Ra2 43. Ke1 e5 44. h4 e3 45. Rg5 Rh2 46.
Rg3 e2 47. Re3 Kf5 48. Rxe2 Rxh4 49. Rg2 Ke4 50. Ke2 Rh3 51. Rg4+ Kf5 52. Ra4
Rg3 53. Kf2 Rb3 54. Ke2 e4 55. Ra8 Rb2+ 56. Ke3 Rb3+ 57. Ke2 Rb2+ 58. Ke3 Rb3+
59. Ke2 1/2-1/2

[Event "Titled Tue 27th May Early"]
[Site "chess.com INT"]
[Date "2025.05.27"]
[Round "2"]
[White "Chen, Yidong"]
[Black "Korneev Leskova, Svyatoslav"]
[Result "1-0"]
[BlackTitle "CM"]
[WhiteElo "2038"]
[BlackElo "2172"]
[WhiteFideId "8607028"]
[BlackFideId "22267565"]
[EventDate "2025.05.27"]

1. e4 e6 2. d4 d5 3. Nd2 c5 4. Ngf3 cxd4 5. Nxd4 Nc6 6. Nxc6 bxc6 7. Bd3 Bd6 8.
O-O Qc7 9. h3 Ne7 10. Re1 Ng6 11. Nf3 Bf4 12. c4 dxc4 13. Bxc4 O-O 14. Qc2 e5
15. Be3 Bxe3 16. Rxe3 Rb8 17. Rc1 Qe7 18. Rb3 Bd7 19. Rxb8 Rxb8 20. Bb3 Rb6 21.
Qd2 h6 22. Rd1 Be6 23. Qd8+ Qxd8 24. Rxd8+ Kh7 25. Bxe6 fxe6 26. b3 Ra6 27. a4
Rb6 28. Nd2 Nf4 29. Kf1 Kg6 30. h4 Kf7 31. g3 Ng6 32. Rd7+ Kf6 33. Ke2 a6 34.
Kd3 Nf8 35. Rc7 Ng6 36. Kc3 Ne7 37. Ra7 c5 38. Nc4 Rc6 39. Na5 Rd6 40. Nc4 Rc6
41. a5 h5 42. Nb6 Kg6 43. Nd7 Rd6 44. Nxc5 1-0

[Event "Titled Tue 27th May Early"]
[Site "chess.com INT"]
[Date "2025.05.27"]
[Round "2"]
[White "Diaz Vasquez, Martin"]
[Black "Arya G Mallar"]
[Result "1-0"]
[WhiteTitle "CM"]
[BlackTitle "WCM"]
[WhiteElo "2266"]
[BlackElo "2014"]
[WhiteFideId "3410579"]
[BlackFideId "25115324"]
[EventDate "2025.05.27"]

1. d4 Nf6 2. Nf3 g6 3. c4 Bg7 4. g3 c6 5. Bg2 d5 6. O-O O-O 7. cxd5 cxd5 8. Nc3
Ne4 9. Qb3 Nxc3 10. bxc3 Nc6 11. Bf4 Na5 12. Qb4 Nc4 13. Nd2 Nxd2 14. Bxd2 b6
15. c4 Bb7 16. e3 Re8 17. c5 e5 18. Rfc1 exd4 19. exd4 Rc8 20. Bh3 Rc6 21. a4
Ba8 22. Bf1 bxc5 23. dxc5 Rc8 24. Rab1 Re4 25. Qa5 Qe8 26. Bb5 Qe7 27. Re1 Qxc5
28. Rxe4 dxe4 29. Be3 Qf8 30. Qxa7 Rc2 31. a5 Ra2 32. a6 Ra3 33. Bc5 Qc8 34.
Bxa3 Bf8 35. Bxf8 Qxf8 36. Bc4 Qd8 37. Rb8 Kg7 38. Rxd8 e3 39. Qd4+ Kh6 40.
Qxe3+ g5 41. Qb6+ Kg7 42. Rd6 h5 43. Rd7 h4 44. Rxf7+ Kg8 45. Qg6+ Kh8 46. Qg7# 1-0

[Event "Titled Tue 27th May Early"]
[Site "chess.com INT"]
[Date "2025.05.27"]
[Round "2"]
[White "Begunov, Konstantin"]
[Black "Huseynova, Lala"]
[Result "1-0"]
[WhiteTitle "FM"]
[BlackTitle "WFM"]
[WhiteElo "2325"]
[BlackElo "2123"]
[WhiteFideId "4118510"]
[BlackFideId "13431781"]
[EventDate "2025.05.27"]

1. d4 d5 2. c4 e6 3. Nc3 Be7 4. cxd5 exd5 5. Nf3 Nf6 6. Bg5 O-O 7. e3 h6 8. Bh4
c6 9. Bd3 Bg4 10. Qc2 Nbd7 11. h3 Be6 12. O-O Nh5 13. Bxe7 Qxe7 14. b4 f5 15. b5
Rac8 16. bxc6 Rxc6 17. Qb3 Rb6 18. Qa4 Rc8 19. Rfc1 Rbc6 20. Ne2 Rxc1+ 21. Rxc1
Rxc1+ 22. Nxc1 a6 23. Qc2 Qf7 24. Ne2 Nf8 25. Ne5 Qf6 26. Qc7 f4 27. Qxb7 fxe3
28. fxe3 Bf5 29. Qxd5+ Kh7 30. Qf3 Bxd3 31. Qxf6 Nxf6 32. Nxd3 N8d7 33. Nc3 Nb6
34. Kf2 Kg8 35. e4 Kf7 36. Ke3 Ke6 37. d5+ Ke7 38. Kd4 g5 39. e5 Ne8 40. d6+ Kd8
41. Nc5 Ng7 42. g4 h5 43. N3e4 hxg4 44. hxg4 Nc8 45. Nxg5 a5 46. a4 Nb6 47. e6
Nxe6+ 48. Ngxe6+ Ke8 49. g5 Kf7 50. d7 Kg6 51. d8=Q 1-0

[Event "Titled Tue 27th May Early"]
[Site "chess.com INT"]
[Date "2025.05.27"]
[Round "2"]
[White "Gasparyan, Erik R."]
[Black "Ahn, Hongjin"]
[Result "0-1"]
[WhiteTitle "IM"]
[BlackTitle "IM"]
[WhiteElo "2372"]
[BlackElo "2304"]
[WhiteFideId "13315730"]
[BlackFideId "13201492"]
[EventDate "2025.05.27"]

1. Nf3 Nf6 2. g3 g6 3. Bg2 Bg7 4. O-O O-O 5. d4 d6 6. b3 Nc6 7. Bb2 Bf5 8. c4
Ne4 9. Nc3 Nxc3 10. Bxc3 Be4 11. Qd2 d5 12. Rfd1 a5 13. a4 e6 14. Rac1 Ra6 15.
Ne1 Bxg2 16. Nxg2 Rb6 17. Qc2 dxc4 18. bxc4 Nb4 19. Qd2 Qd7 20. c5 Ra6 21. Bxb4
axb4 22. Qxb4 Qc6 23. Rb1 Ra7 24. Qb5 Qe4 25. e3 Rfa8 26. Rb4 Qc6 27. Nf4 Qf3
28. Rdb1 h5 29. Qe2 Qe4 30. Qd3 Qf3 31. Qe2 Qc6 32. h4 Bf8 33. Qc4 Rxa4 34. Qb5
Rxb4 35. Qxb4 b6 36. Qb5 Qxb5 37. Rxb5 bxc5 38. dxc5 Ra1+ 39. Kg2 Rc1 40. Rb8
Rxc5 41. Nd3 Rd5 42. Nb4 Rd7 43. Rc8 Kg7 44. Na6 Bd6 45. Kf3 Re7 46. Ke4 f5+ 47.
Kd4 e5+ 48. Kd5 f4 49. gxf4 exf4 50. e4 g5 51. hxg5 h4 52. Rb8 Re5+ 53. Kc4 Ra5
54. Nxc7 Rc5+ 55. Kd4 Rxc7 56. e5 Rc4+ 57. Kxc4 Bxb8 0-1

[Event "Titled Tue 27th May Early"]
[Site "chess.com INT"]
[Date "2025.05.27"]
[Round "2"]
[White "Pakleza, Zbigniew"]
[Black "Mizzi, Jack"]
[Result "1-0"]
[WhiteTitle "GM"]
[BlackTitle "CM"]
[WhiteElo "2484"]
[BlackElo "2086"]
[WhiteFideId "1119290"]
[BlackFideId "5602521"]
[EventDate "2025.05.27"]

1. d4 Nf6 2. Nf3 d5 3. Bf4 c5 4. c3 e6 5. Nbd2 Bd6 6. Bg3 Bxg3 7. hxg3 cxd4 8.
cxd4 Nc6 9. e3 Qd6 10. Rc1 a6 11. Bd3 Bd7 12. a3 e5 13. dxe5 Nxe5 14. Be2 O-O
15. O-O Rfe8 16. Nxe5 Rxe5 17. Nc4 Qe7 18. Nxe5 Qxe5 19. Qd4 Qxd4 20. exd4 Bc6
21. Rfe1 Kf8 22. Bd3 g5 23. f3 h5 24. Kf2 g4 25. Re5 Kg7 26. Rce1 Rh8 27. Re7 h4
28. Rc7 hxg3+ 29. Kxg3 gxf3 30. Kxf3 Rh4 31. Bxa6 Re4 32. Re3 Rxd4 33. Bxb7 Ba4
34. b3 Bb5 35. a4 Bd3 36. a5 Be4+ 37. Kg3 Nh5+ 38. Kh2 Nf4 39. a6 Rd2 40. Rg3+
Kf6 41. a7 Bxg2 42. Rxg2 Rxg2+ 43. Kh1 Re2 44. a8=Q Re1+ 45. Kh2 Re2+ 46. Kg3
Kg5 47. Qg8+ Ng6 48. Rxf7 Re3+ 49. Kf2 1-0

[Event "Titled Tue 27th May Early"]
[Site "chess.com INT"]
[Date "2025.05.27"]
[Round "2"]
[White "Principe, Gerson"]
[Black "Golubova, Anna"]
[Result "1/2-1/2"]
[WhiteTitle "FM"]
[BlackTitle "WIM"]
[WhiteElo "2176"]
[BlackElo "2112"]
[WhiteFideId "3804550"]
[BlackFideId "24173606"]
[EventDate "2025.05.27"]

1. d4 g6 2. Nf3 Bg7 3. e3 d6 4. Be2 Nf6 5. O-O O-O 6. b3 c6 7. Bb2 Nbd7 8. c4
Qc7 9. Nc3 e5 10. Rc1 Re8 11. b4 a6 12. a4 exd4 13. Nxd4 Ne4 14. Nxe4 Rxe4 15.
Bf3 Re8 16. Ba1 Ne5 17. Be2 c5 18. Nb3 cxb4 19. c5 dxc5 20. Rxc5 Qe7 21. a5 Bf5
22. Qd2 Nc6 23. Bxg7 Kxg7 24. Rfc1 Qf6 25. Bf3 Be4 26. Bxe4 Rxe4 27. Rd5 Re5 28.
Rd7 Re7 29. Rd6 Re6 30. Rd7 Rd8 31. Rxd8 Qxd8 32. Qb2+ Qf6 33. Qc2 Rd6 34. h3
Qe5 35. Nc5 Nxa5 36. Nd3 Qf6 37. Nxb4 Nc6 38. Nd3 Ne5 39. Nb4 a5 40. Na2 Rc6 41.
Nc3 b5 42. Qd1 b4 43. Nd5 Rxc1 44. Qxc1 Qd6 45. e4 b3 46. Qb2 a4 47. f4 f6 48.
fxe5 Qxe5 49. Qa3 b2 50. Qb4 a3 51. Nc3 Qxc3 52. Qxc3 b1=Q+ 53. Kh2 a2 54. Qc7+
Kh6 55. Qf4+ Kg7 56. Qc7+ Kf8 57. Qd8+ Kf7 58. Qd7+ Kf8 59. Qd8+ Kf7 60. Qd7+
Kf8 61. Qd8+ 1/2-1/2

[Event "Titled Tue 27th May Early"]
[Site "chess.com INT"]
[Date "2025.05.27"]
[Round "2"]
[White "Wijerathna, Vinuka Dihain"]
[Black "Fernandes, Rogerio Paulo Muller"]
[Result "1-0"]
[WhiteTitle "CM"]
[WhiteElo "2063"]
[BlackElo "2241"]
[WhiteFideId "29981905"]
[BlackFideId "2101599"]
[EventDate "2025.05.27"]

1. e4 e6 2. d4 d5 3. Nc3 Bb4 4. exd5 exd5 5. Bd3 Ne7 6. Ne2 Bf5 7. Bg5 f6 8. Bh4
O-O 9. a3 Bxc3+ 10. Nxc3 Nbc6 11. Ne2 Qd7 12. O-O Rfe8 13. c3 Bxd3 14. Qxd3 Nf5
15. Bg3 Nxg3 16. Nxg3 Re6 17. Rfe1 Rae8 18. Kf1 Na5 19. Rad1 Nc4 20. Rxe6 Qxe6
21. Rb1 c6 22. a4 Nd6 23. b3 f5 24. f3 Qe3 25. Qxe3 Rxe3 26. Rc1 b5 27. Kf2 Re7
28. axb5 cxb5 29. Ne2 g5 30. h4 h6 31. hxg5 hxg5 32. Rh1 Kg7 33. Rh5 Kg6 34. Rh8
Rc7 35. Rd8 Rc6 36. Rd7 a5 37. Ra7 b4 38. cxb4 axb4 39. Ra5 Rc2 40. Rxd5 Nc8 41.
Rb5 f4 42. Rxb4 Kf5 43. Rb5+ Ke6 44. Rc5 Nd6 45. Rxc2 1-0

[Event "Titled Tue 27th May Early"]
[Site "chess.com INT"]
[Date "2025.05.27"]
[Round "2"]
[White "Brancaleoni, Maurizio"]
[Black "Tekeyev, Zaur"]
[Result "0-1"]
[WhiteTitle "FM"]
[BlackTitle "IM"]
[WhiteElo "2185"]
[BlackElo "2417"]
[WhiteFideId "803022"]
[BlackFideId "4199731"]
[EventDate "2025.05.27"]

1. Nf3 c5 2. c4 Nf6 3. Nc3 g6 4. d4 Bg7 5. e4 O-O 6. Be2 cxd4 7. Nxd4 d6 8. O-O
Nc6 9. Be3 Bd7 10. Nb3 b6 11. f3 Qb8 12. Rc1 Qb7 13. Qd2 Rac8 14. Rfd1 Rfe8 15.
Nd5 Be6 16. Bg5 Nd7 17. Be3 Nc5 18. Nd4 Nxd4 19. Bxd4 Bd7 20. Bxg7 Kxg7 21. b4
Ne6 22. a3 Ba4 23. Re1 f6 24. f4 Bc6 25. Bg4 Bd7 26. Bxe6 Bxe6 27. Rc3 b5 28.
Rec1 bxc4 29. Rxc4 Rxc4 30. Rxc4 Rc8 31. Rxc8 Bxc8 32. h3 e6 33. Nc3 Qb6+ 34.
Kh2 Bb7 35. h4 Kf7 36. Kh3 Ke7 37. e5 dxe5 38. fxe5 fxe5 39. Qg5+ Kf7 40. Qh6
Qc6 41. Qd2 Ke7 42. b5 Qc4 43. a4 Qd4 44. Qb2 Qd3+ 45. Kh2 Qd4 46. Qb3 Qf4+ 47.
Kh3 Qe3+ 48. Kh2 Qd2 49. Qb4+ Kf7 50. Qc5 Qxg2# 0-1

[Event "Titled Tue 27th May Early"]
[Site "chess.com INT"]
[Date "2025.05.27"]
[Round "2"]
[White "Manvelyan, Mikayel"]
[Black "Sjugirov, Sanan"]
[Result "0-1"]
[WhiteTitle "FM"]
[BlackTitle "GM"]
[WhiteElo "2362"]
[BlackElo "2638"]
[WhiteFideId "13310143"]
[BlackFideId "4189302"]
[EventDate "2025.05.27"]

1. e4 c5 2. Nf3 Nc6 3. d4 cxd4 4. Nxd4 g6 5. c4 Nf6 6. Nc3 Nxd4 7. Qxd4 d6 8.
Be3 Bg7 9. f3 O-O 10. Qd2 a5 11. Be2 a4 12. O-O Qa5 13. Rac1 Be6 14. Nd5 Qxd2
15. Nxe7+ Kh8 16. Bxd2 Rfe8 17. Nd5 Nxd5 18. cxd5 Bxd5 19. Bb5 Bc6 20. Bxc6 bxc6
21. Rxc6 Rab8 22. Rb1 Red8 23. Bg5 Rd7 24. Rbc1 Bxb2 25. R1c4 a3 26. Bh6 Kg8 27.
h4 f6 28. Rc7 Rb7 29. Rc8+ Kf7 30. Rf8+ Ke6 31. Rcc8 Rbc7 32. Rce8+ Re7 33.
Rxe7+ Kxe7 34. Rh8 Ke6 35. Ra8 f5 36. exf5+ gxf5 37. Bf4 Rc4 38. g3 Rc2 39. Ra6
Bd4+ 40. Kf1 Bc5 41. g4 fxg4 42. fxg4 Rxa2 43. h5 Rf2+ 44. Ke1 Rxf4 0-1

[Event "Titled Tue 27th May Early"]
[Site "chess.com INT"]
[Date "2025.05.27"]
[Round "2"]
[White "Kalyani Sirin"]
[Black "Durarbayli, Vasif"]
[Result "0-1"]
[WhiteTitle "WFM"]
[BlackTitle "GM"]
[WhiteElo "2136"]
[BlackElo "2612"]
[WhiteFideId "33323500"]
[BlackFideId "13402935"]
[EventDate "2025.05.27"]

1. e4 e5 2. Nf3 Nc6 3. d4 exd4 4. Nxd4 Bc5 5. Nxc6 Qf6 6. Qf3 bxc6 7. Nc3 Rb8 8.
Bd3 Bd4 9. Nd1 Ne7 10. c3 Qxf3 11. gxf3 Bf6 12. f4 d6 13. Ne3 O-O 14. Rg1 Re8
15. Ng4 Bh4 16. f5 Nxf5 17. Kf1 Ne7 18. f4 h5 19. Nf2 f5 20. e5 dxe5 21. fxe5
Nd5 22. Bc4 Rxe5 23. Nd3 Re4 24. Bb3 Ba6 25. c4 Bxc4 26. Bxc4 Rxc4 27. Bg5 Kh7
28. Bxh4 Rxh4 29. Kg2 Rd4 30. Ne5 Rxb2+ 31. Kh1 Rdd2 32. Nf3 Rf2 33. Raf1 Rxf1
34. Rxf1 Rxa2 35. Ng5+ Kg6 36. Ne6 Kf6 37. Nd4 g6 38. Nxc6 Ne3 39. Rc1 f4 40.
Nd4 a5 41. h4 a4 42. Rc6+ Ke5 43. Nf3+ Ke4 44. Ng5+ Kf5 45. Rxc7 a3 46. Ra7 Kg4
47. Ra4 Kxh4 48. Nf3+ Kg3 0-1

[Event "Titled Tue 27th May Early"]
[Site "chess.com INT"]
[Date "2025.05.27"]
[Round "2"]
[White "Kourkoulos-Arditis, Stamatis"]
[Black "Shevkunov, Vladyslav"]
[Result "1-0"]
[WhiteTitle "GM"]
[WhiteElo "2580"]
[BlackElo "2073"]
[WhiteFideId "4221990"]
[BlackFideId "30953448"]
[EventDate "2025.05.27"]

1. e4 c5 2. Nf3 e6 3. d4 cxd4 4. Nxd4 Nc6 5. Nxc6 bxc6 6. Bd3 d5 7. O-O Nf6 8.
Nc3 Be7 9. Qe2 O-O 10. b3 Bb7 11. Bb2 Rc8 12. Rad1 Qc7 13. Na4 c5 14. exd5 exd5
15. Be5 Qc6 16. Bb5 Qe6 17. Rfe1 Ne4 18. Bg3 Qg6 19. Qf3 f5 20. Bf4 Bf6 21. Qh3
Bd4 22. Re2 a6 23. Bd3 Bc6 24. c3 Bxa4 25. cxd4 Nc3 26. bxa4 Nxd1 27. Bxa6 Rce8
28. Qb3 c4 29. Qxd1 Rxe2 30. Qxe2 Re8 31. Be5 Qxa6 32. h4 Qb7 33. Qh5 Qf7 34.
Qg5 Ra8 35. Kh2 h6 36. Qe3 Rxa4 37. a3 Qa7 38. Qf4 Qd7 39. Qg3 Ra8 40. h5 Qf7
41. Qh3 Re8 42. a4 f4 43. a5 Rf8 44. a6 Qa7 45. Qe6+ Qf7 46. Qg4 Kh8 47. Kh3 Rg8
48. Kh4 Qa7 49. Qe6 Qa8 50. Qxh6# 1-0

[Event "Titled Tue 27th May Early"]
[Site "chess.com INT"]
[Date "2025.05.27"]
[Round "2"]
[White "Khodabandeh, Milad"]
[Black "Gurevich, Dmitry"]
[Result "1-0"]
[WhiteTitle "CM"]
[BlackTitle "GM"]
[WhiteElo "1957"]
[BlackElo "2347"]
[WhiteFideId "12538620"]
[BlackFideId "2000407"]
[EventDate "2025.05.27"]

1. e4 c5 2. Nf3 d6 3. d4 cxd4 4. Nxd4 Nf6 5. Nc3 Nc6 6. Be2 g6 7. Be3 Bg7 8. f3
O-O 9. Qd2 Bd7 10. O-O-O Rc8 11. Kb1 a6 12. h4 h5 13. Bh6 Nxd4 14. Bxg7 Nxe2 15.
Bxf6 Ng3 16. Bd4 Nxh1 17. Rxh1 e5 18. Be3 Be6 19. g4 Qf6 20. Qe2 Rxc3 21. bxc3
hxg4 22. fxg4 Rc8 23. Bg5 Qg7 24. Kb2 f6 25. Bd2 Qc7 26. Qf2 Qc4 27. Ra1 Kg7 28.
h5 g5 29. h6+ Kg6 30. h7 Qb5+ 31. Kc1 Rh8 32. Rb1 Qc6 33. Rb6 Qc7 34. c4 Rxh7
35. Bb4 Qxc4 36. Rxd6 Rh1+ 37. Be1 Qxe4 38. Rxe6 Qxe1+ 39. Qxe1 Rxe1+ 40. Kb2
Re4 41. Rb6 Rxg4 42. Rxb7 Rd4 43. c3 Rd6 44. c4 g4 45. Kc3 Kf5 46. c5 Rc6 47.
Kc4 Kf4 48. Rb6 1-0

[Event "Titled Tue 27th May Early"]
[Site "chess.com INT"]
[Date "2025.05.27"]
[Round "2"]
[White "Chekletsov, Ilya"]
[Black "Sychev, Klementy"]
[Result "1/2-1/2"]
[WhiteTitle "IM"]
[BlackTitle "GM"]
[WhiteElo "2338"]
[BlackElo "2542"]
[WhiteFideId "24177156"]
[BlackFideId "4114060"]
[EventDate "2025.05.27"]

1. e4 e5 2. Nf3 Nc6 3. Bb5 a6 4. Ba4 Nge7 5. O-O Ng6 6. c3 d5 7. d3 Be7 8. Qe2
O-O 9. Rd1 Be6 10. Bc2 f5 11. Nbd2 Nf4 12. Qf1 Qe8 13. Bb3 Rd8 14. exd5 Bxd5 15.
Bxd5+ Rxd5 16. Nc4 Ng6 17. a4 Kh8 18. b3 e4 19. dxe4 Rxd1 20. Qxd1 fxe4 21. Nd4
Nxd4 22. Qxd4 Nh4 23. Qxe4 Rxf2 24. Bf4 Ra2 25. Rd1 h6 26. Kh1 Qf7 27. Bg3 Nf5
28. Bxc7 Qg6 29. Re1 Bh4 30. Qe8+ Qxe8 31. Rxe8+ Kh7 32. g3 Bg5 33. Bf4 b5 34.
axb5 axb5 35. Ne5 Bxf4 36. gxf4 Ne3 37. h4 Ra1+ 38. Kh2 Rb1 39. b4 Rb2+ 40. Kg3
Nd5 41. c4 Rb3+ 42. Kf2 bxc4 43. Nxc4 Rxb4 44. Re4 Nf6 45. Rd4 Rb3 46. Ne5 Rc3
47. Kg2 Ra3 48. Kf2 Rc3 49. Kg2 h5 50. Ra4 Re3 51. Kf2 Rh3 52. Nf3 Rh1 53. Kg2
Rd1 54. Rc4 Rb1 55. Ng5+ Kg6 56. Nf3 Rb2+ 57. Kg3 Re2 58. Ra4 Ne4+ 59. Kh3 Nf2+
60. Kg3 Ne4+ 61. Kh3 Re3 62. Kg2 Re2+ 63. Kh3 1/2-1/2

[Event "Titled Tue 27th May Early"]
[Site "chess.com INT"]
[Date "2025.05.27"]
[Round "2"]
[White "Descarrega Zacarias, Vanessa"]
[Black "Yevchenko, Oleksandr"]
[Result "1-0"]
[BlackTitle "CM"]
[WhiteElo "1882"]
[BlackElo "2276"]
[WhiteFideId "3915530"]
[BlackFideId "14108267"]
[EventDate "2025.05.27"]

1. e4 c5 2. Nf3 d6 3. d4 cxd4 4. Nxd4 Nf6 5. f3 e5 6. Nb3 d5 7. Bb5+ Nc6 8. Nc3
d4 9. Ne2 a6 10. Bd3 Be7 11. O-O O-O 12. Bg5 h6 13. Bh4 Be6 14. f4 Ng4 15. Bxe7
Qxe7 16. Qd2 Ne3 17. Rf2 f6 18. c3 Ng4 19. Rff1 Rad8 20. cxd4 Bxb3 21. axb3 Nxd4
22. Nxd4 Rxd4 23. Bc4+ Kh8 24. Qe2 Qc5 25. Kh1 h5 26. h3 Nh6 27. Rad1 b5 28. Bd5
Rxd1 29. Qxd1 exf4 30. Rxf4 Qe3 31. Rf3 Qg5 32. Rd3 Rc8 33. Rc3 Rd8 34. Rd3 Rc8
35. Rc3 Re8 36. Qc1 Qe5 37. Qd1 Kh7 38. Rd3 h4 39. Rd2 Qf4 40. Re2 Qg3 41. Rd2
Qg5 42. Rd3 Ng8 43. Rc3 Ne7 44. Rc5 Qf4 45. Bc6 Rc8 46. Qh5+ 1-0

[Event "Titled Tue 27th May Early"]
[Site "chess.com INT"]
[Date "2025.05.27"]
[Round "2"]
[White "Xue, Haowen"]
[Black "Akkara, Omer"]
[Result "1-0"]
[WhiteTitle "GM"]
[BlackTitle "CM"]
[WhiteElo "2518"]
[BlackElo "2036"]
[WhiteFideId "8625492"]
[BlackFideId "26319802"]
[EventDate "2025.05.27"]

1. a3 Nf6 2. Nf3 g6 3. b4 Bg7 4. Bb2 O-O 5. g3 b6 6. Bg2 Bb7 7. O-O d6 8. c4 e5
9. Nc3 Nbd7 10. Re1 a6 11. d3 Rb8 12. Rc1 c5 13. h3 Qe7 14. e4 Rfe8 15. Nd2 Nf8
16. Nd5 Nxd5 17. cxd5 Nd7 18. Nc4 Red8 19. Qd2 Ba8 20. Bc3 b5 21. Na5 Nb6 22.
Qd1 Rbc8 23. Bd2 Na4 24. h4 Rc7 25. h5 Nb2 26. Qe2 Na4 27. Bh3 Rf8 28. Qf3 f5
29. hxg6 hxg6 30. Nc6 Bxc6 31. dxc6 f4 32. Bd7 Nb6 33. bxc5 dxc5 34. Ba5 Rxd7
35. cxd7 Nxd7 36. Qg4 fxg3 37. fxg3 Nf6 38. Qxg6 Qd6 39. Bc3 Re8 40. Rcd1 Re6
41. Qf5 Re7 42. Rf1 c4 43. Bb4 Qd4+ 44. Kg2 Rf7 45. dxc4 Qxc4 46. Rd8+ Bf8 47.
Qg6+ Rg7 48. Rxf8# 1-0

[Event "Titled Tue 27th May Early"]
[Site "chess.com INT"]
[Date "2025.05.27"]
[Round "2"]
[White "Kiran, Manisha Mohanty"]
[Black "Radchenko, Alexey"]
[Result "1/2-1/2"]
[WhiteTitle "WGM"]
[BlackTitle "FM"]
[WhiteElo "2031"]
[BlackElo "2293"]
[WhiteFideId "5019575"]
[BlackFideId "4192362"]
[EventDate "2025.05.27"]

1. e4 c6 2. d4 d5 3. exd5 cxd5 4. Bd3 Nc6 5. c3 Nf6 6. Nf3 Bg4 7. h3 Bh5 8. O-O
e6 9. Bf4 Bd6 10. Bxd6 Qxd6 11. Nbd2 g5 12. Re1 g4 13. hxg4 Nxg4 14. Qc2 O-O-O
15. b4 Kb8 16. a4 Rc8 17. Qb2 e5 18. b5 e4 19. bxc6 Rxc6 20. Ne5 Rb6 21. Bb5
Nxe5 22. dxe5 Qxe5 23. Qa3 Rg8 24. Bf1 Rh6 25. Rab1 Qf4 26. Qe7 b6 27. a5 Bf3
28. Nxf3 exf3 29. Qe5+ Qxe5 30. Rxe5 fxg2 31. Bxg2 Rhg6 32. Kf1 Rxg2 33. Ke2
R2g6 34. axb6 Rxb6 35. Rxb6+ axb6 36. Rxd5 Kc7 37. Rh5 Rg7 38. Rh6 b5 39. Kf3
Kd7 40. Kf4 Rg2 41. Kf3 Rg7 42. Kf4 Ke7 43. Rb6 Rg2 44. Rxb5 Rxf2+ 45. Kg3 Rc2
46. Rc5 Kd6 47. Rc8 Kd7 48. Rc5 Ke6 49. Kf4 f6 50. Rh5 Rxc3 51. Rxh7 Rc4+ 52.
Kf3 Ke5 53. Re7+ Kf5 54. Re3 Rf4+ 55. Kg3 Re4 56. Ra3 Kg5 57. Kf3 Rh4 58. Ra5+
f5 59. Ra8 Rh3+ 60. Kg2 Rc3 61. Kf2 Kg4 62. Ra2 Rh3 63. Kg2 f4 64. Ra8 f3+ 65.
Kf2 Rh2+ 66. Kf1 Rh5 67. Rg8+ Kf4 68. Rf8+ Ke4 69. Re8+ Re5 70. Rxe5+ Kxe5 71.
Kf2 Kf4 72. Kf1 Ke4 73. Kf2 Kf4 74. Kf1 Ke3 75. Ke1 Kd3 76. Kf2 Ke4 77. Kf1 Ke3
78. Ke1 f2+ 79. Kf1 Kf3 1/2-1/2

[Event "Titled Tue 27th May Early"]
[Site "chess.com INT"]
[Date "2025.05.27"]
[Round "2"]
[White "Nurgaliyev, Sauat"]
[Black "Vyom Malhotra"]
[Result "1-0"]
[WhiteTitle "IM"]
[BlackTitle "CM"]
[WhiteElo "2407"]
[BlackElo "1975"]
[WhiteFideId "13726285"]
[BlackFideId "33383561"]
[EventDate "2025.05.27"]

1. a3 e5 2. c4 Nf6 3. d3 d5 4. cxd5 Nxd5 5. Nf3 Nc6 6. e4 Nde7 7. Be3 g6 8. Be2
Bg7 9. b4 O-O 10. O-O Bg4 11. Nbd2 f5 12. b5 f4 13. Bc5 b6 14. Bxe7 Nxe7 15. Rc1
h6 16. Qb3+ Kh8 17. Rfe1 Qd7 18. Qc3 c5 19. Nxe5 Qc7 20. Bxg4 Qxe5 21. Qxe5 Bxe5
22. Nc4 Bd4 23. e5 h5 24. Bf3 Rad8 25. Nd6 Nf5 26. Nc4 Rfe8 27. Be4 Nh4 28. g3
fxg3 29. hxg3 Nf5 30. Bxf5 gxf5 31. Kg2 Kg8 32. f4 Re6 33. Rh1 Rh6 34. Rh3 Kg7
35. Nd6 Kg6 36. Kf3 Rhh8 37. Rch1 Ra8 38. e6 Bf6 39. Re1 Be7 40. Nc4 Kf6 41. Ne5
Rhg8 42. Rxh5 Rg7 43. Nd7+ Kg6 44. Reh1 1-0

[Event "Titled Tue 27th May Early"]
[Site "chess.com INT"]
[Date "2025.05.27"]
[Round "2"]
[White "Arencibia Monduy, Antonio"]
[Black "Priasmoro, Novendra"]
[Result "0-1"]
[WhiteTitle "CM"]
[BlackTitle "GM"]
[WhiteElo "2115"]
[BlackElo "2437"]
[WhiteFideId "3507939"]
[BlackFideId "7105029"]
[EventDate "2025.05.27"]

1. e4 e5 2. Bc4 Nc6 3. d3 Nf6 4. Nf3 Be7 5. O-O O-O 6. Bb3 d6 7. c3 Bg4 8. Re1
Nd7 9. Nbd2 Nc5 10. Bc2 Ne6 11. h3 Bh5 12. Nf1 Kh8 13. Ng3 Bg6 14. d4 exd4 15.
cxd4 d5 16. Be3 dxe4 17. Nxe4 Nb4 18. Bb1 Nd5 19. Nc3 Bf6 20. Bxg6 hxg6 21. Qb3
Nef4 22. Bxf4 Nxf4 23. Qxb7 Nd3 24. Re2 Rb8 25. Qxa7 Nxb2 26. Ne4 Nd3 27. Nxf6
gxf6 28. Rd2 Nf4 29. Rc2 Nd5 30. Rac1 Qd7 31. Qc5 Kg7 32. Qc6 Qf5 33. Rc5 Rfd8
34. Qa4 Ra8 35. Qc2 Qe6 36. Re1 Qd7 37. Qc4 Ra4 38. Qb3 Ra6 39. Rec1 Rb6 40. Qc4
Rb4 41. Qc2 Rdb8 42. Qe4 Rd8 43. h4 Rb2 44. h5 g5 45. a4 Qd6 46. g3 Qd7 47. Re1
c6 48. a5 Rh8 49. Rec1 Rxh5 50. g4 Rh3 51. Kg2 Nf4+ 52. Kg1 Qxg4+ 53. Kf1 Qg2+
54. Ke1 Rh1+ 55. Ng1 Rxg1# 0-1

[Event "Titled Tue 27th May Early"]
[Site "chess.com INT"]
[Date "2025.05.27"]
[Round "2"]
[White "Aloma Vidal, Robert"]
[Black "Rubio, Lloyd"]
[Result "1/2-1/2"]
[WhiteTitle "IM"]
[WhiteElo "2374"]
[BlackElo "2167"]
[WhiteFideId "2260409"]
[BlackFideId "5210453"]
[EventDate "2025.05.27"]

1. h4 d5 2. d3 c5 3. e4 Nc6 4. exd5 Qxd5 5. Nc3 Qd8 6. g3 Nf6 7. Bg2 g6 8. Bxc6+
bxc6 9. Qf3 Nd5 10. Nge2 Bg7 11. h5 Be6 12. Ne4 Bf5 13. h6 Be5 14. O-O O-O 15.
Nxc5 Nb4 16. d4 Bh8 17. c3 Nc2 18. g4 Be6 19. Nxe6 fxe6 20. Qxc6 Nxa1 21. Qxe6+
Rf7 22. Bg5 Nc2 23. Rc1 Qa5 24. f4 Qb5 25. Rxc2 Qd3 26. Qc6 Raf8 27. Qa4 Qf3 28.
Kh2 Qxg4 29. Ng3 Bf6 30. Bxf6 Rxf6 31. Qc4+ Kh8 32. Qc7 Rxf4 33. Qe5+ R4f6 34.
Rg2 Qh4+ 35. Kg1 Qxh6 36. Qxe7 Qc1+ 37. Kh2 Qh6+ 38. Kg1 Qh4 39. Qe5 Kg8 40.
Qd5+ Kh8 41. Qe5 Kg8 42. b4 Rf3 43. Qe6+ R8f7 44. Qe8+ Kg7 45. Qe5+ R3f6 46. Ne4
Qe1+ 47. Kh2 Qh4+ 48. Kg1 Qe1+ 49. Kh2 Qh4+ 50. Kg1 1/2-1/2